Annales d'économie et de statistique

Salvato in:
Dettagli Bibliografici
Natura: Periodico
Lingua:francese
Pubblicazione: Paris INSEE 1997
Soggetti:
Tags: Aggiungi Tag
Nessun Tag, puoi essere il primo ad aggiungerne!!

MARC

LEADER 00000nas2a2200000 4500
001 s121544
005 20221221065555.7
022 |a 0769-489X 
041 0 |a fre 
044 |a FR 
245 1 0 |a Annales d'économie et de statistique 
264 1 |a Paris  |b INSEE  |c 1997 
300 |a 1 zv. 
773 0 |w eu_un_cat*s120082 
610 2 0 |a ekonómia 
610 2 0 |a štatistika 
610 2 0 |a teória štatistiky